000 00959cab a2200253 4500
001 ABS52392
008 090401t1995 xxu||||| |||| 00| 0 eng d
035 _a(Sirsi) u75753
041 _aeng
100 _aKnowles, R.
245 _aTime to oust the jurisdiction of the court?
260 _c1995
350 _a0
490 _aCSM (Chartered Surveyor Monthly)
_v4(5) March 1995, 32(1)
520 _aArgues for reform of arbitration procedures in the construction industry, follwing evidence from the Chartered Institute of Arbitrators and comment in the Latham report. To be effective, right of appeal to the courts must be restricted.
650 _aARBITRATION BILL
650 _aARBITRATORS' AWARDS
650 _aCONSTRUCTION DISPUTES
650 _aREFORM
650 _aRIGHTS OF APPEAL
690 _aMANAGEMENT-DISPUTE AVOIDANCE, MANAGEMENT AND RESOLUTION-DISPUTE MANAGEMENT AND RESOLUTION-ARBITRATION
942 _n0
948 _c04/03/1997
999 _c47650
_d47650